Labour market segmentation and social welfare programmes- the divided society (Record no. 440832)

000 -LEADER
fixed length control field 00391cam a22001097a 4500
008 - FIXED-LENGTH DATA ELEMENTS--GENERAL INFORMATION
fixed length control field 180718b1986 xxu||||| |||| 00| 0 eng d
082 ## - DEWEY DECIMAL CLASSIFICATION NUMBER
Classification number B1096 In7 6
100 ## - MAIN ENTRY--PERSONAL NAME
Personal name Boje, Thomas P.
245 ## - TITLE STATEMENT
Title Labour market segmentation and social welfare programmes- the divided society
Statement of responsibility, etc. by Thomas P. Boje
260 ## - PUBLICATION, DISTRIBUTION, ETC.
Place of publication, distribution, etc. New Delhi
Name of publisher, distributor, etc. Institute of Social Sciences
Date of publication, distribution, etc. 1986
500 ## - GENERAL NOTE
General note XI World Congress of Sociology
Holdings
Withdrawn status Lost status Damaged status Not for loan Permanent Location Current Location Date acquired Full call number Barcode Date last seen Price effective from Koha item type
        Indian Institute of Public Administration Indian Institute of Public Administration 2010-05-28 B1096 In7 6 62910 2018-07-21 2018-07-21 Book

Powered by Koha